Paroles - Alexandrie Alexandra - Claude François - Statistiques

Statistiques générales
  • Ce quiz a été pris 1 148 fois
  • Le résultat moyen est 186 sur 234
Statistiques - réponses
Réponse % Correct
le
99%
les
98%
Les
98%
Je
97%
je
97%
la
96%
La
96%
si
95%
de
94%
du
94%
Alexandra
93%
d'Alexandrie
93%
ma
93%
port
92%
sirènes
92%
Alexandrie
91%
dans
91%
mélodie
91%
même
90%
Chantent
89%
encore
89%
te
89%
jeunesse.
88%
phare
88%
tu
88%
lumière
87%
Nil
87%
sur
87%
Barracuda
86%
bras
86%
suis
86%
tes
86%
papillons
85%
ta
84%
pas
83%
vie
83%
J'ai
82%
j'ai
82%
plus
80%
d'appétit
78%
78%
Qu'un
78%
et
77%
Et
77%
filles
76%
tout
76%
danse
75%
danse,
75%
n'me
67%
toi
67%
Voiles
67%
Fait
65%
boirai
64%
draps
64%
draps.
64%
l'amour
64%
naufrager
64%
Ce
63%
ce
63%
Aah
62%
des
62%
Ah
61%
froid
61%
meurs
61%
nuit
60%
retiens
59%
reviens
58%
avec
57%
fièvre
54%
soir
53%
au
52%
Barques
51%
barques
51%
mangerai
46%
commence
45%
crue
44%
fond
44%
finit
43%
wow
28%
Aucun quiz correspondant
Distribution des résultats
% des personnes avec chaque résultat
Percentile par nombre de réponses
Votre historique - résultats
Vous n’avez pas pris ce quiz